000 00600nab a2200193 4500
001 244442
003 OSt
005 20240716092058.0
007 tu
008 200917s2020|||||||
040 _aDE-2950
_cDE-2950
245 0 0 _aNeue Ärztliche Direktorin
_bPersonalwechsel. Christiane 'Richter Ehrenstein hat jetzt die Position im Klinikum Frankfurt inne/
_cred
264 _c2024
653 _aFrankfurt (Oder)
653 _aKlinikum
653 _aChristiane Richter Ehrenstein
773 0 _g35. Jahrgang (2024) Nr. 162 vom 13.07.2024, S. 17 mit Foto
_tMärkische Oderzeitung
942 _2z
_cA
999 _c373255
_d373255